Transfers über 100 Millionen - Statistiken

Allgemein
  • Dieses Quiz wurde 599 mal gespielt
    558 seit der letzten Aktualisierung
  • Das Durchschnittsergebnis liegt bei 10 aus 17
Antwortstatistiken
Jahr Transfersumme (in Mio Euro) Antwort % Korrekt
2017 222 Neymar
99%
2018 180 Kylian Mbappe
94%
2018 117 Cristiano Ronaldo
90%
2023 100 Harry Kane
75%
2017 135 Ousmane Dembele
75%
2023 103 Jude Bellingham
71%
2013 101 Gareth Bale
65%
2016 105 Paul Pogba
58%
2017 135 Philippe Coutinho
58%
2019 120 Antoine Griezmann
53%
2022 121 Enzo Fernández
53%
2021 113 Romelu Lukaku
46%
2019 115 Eden Hazard
45%
2021 117,5 Jack Grealish
44%
2019 127,2 Joao Felix
44%
2023 116,6 Declan Rice
39%
2023 116 Moises Caicedo
10%
Keine übereinstimmenden Quizze gefunden
Verteilung der Resultate
Anzahl Personen mit jedem Resultat
Perzentil nach korrekt beantworteten Fragen
Ihre Resultats-Entwicklung
Sie haben dieses Quiz seit der letzten Aktualisierung nicht gespielt